000 00819cab a2200217 4500
001 L136739
008 070220n2007 000 0 eng u
035 _a(Sirsi) u136739
041 0 _aeng
100 1 _aLoveday, Mark
245 0 0 _aSafe deposits?
260 _c2007
490 0 0 _aNew Law Journal
_v157(7259) 9 February 2007, 199(1)
520 _aReports on the change in legislation from 6 April 2007 which brings into force the tenancy deposit protection scheme under the Housing Act 2004. Gives information on the two types of scheme, initial requirements and enforcement.
590 _aKA
650 2 4 _aTENANCY DEPOSIT SCHEME (TDS)
650 2 4 _aHOUSING ACT 2004
651 4 _aEngland
_y886-
690 _aPROPERTY-RESIDENTIAL PROPERTY-RESIDENTIAL LANDLORD AND TENANT-RESIDENTIAL TENANCIES
942 _n0
999 _c78426
_d78426